Евгения, или Писма к другу, (Запись № 6083317)

Подробности
000 -МАРКЕР
контрольное поле 01851nam1a22003731i 4500
001 - ИДЕНТИФИКАТОР ЗАПИСИ
контрольное поле v19\rc\2110530
005 - ИДЕНТИФИКАТОР ВЕРСИИ
контрольное поле 20260406090451.0
035 ## - ДРУГИЕ СИСТЕМНЫЕ НОМЕРА
Идентификатор записи (NLR Aleph) 005279507
100 ## - ДАННЫЕ ОБЩЕЙ ОБРАБОТКИ
Данные общей обработки 20090914d1818 m||y0rusy50 ca
101 0# - ЯЗЫК РЕСУРСА
Язык текста, звукозаписи и т.д. русский
102 ## - СТРАНА ПУБЛИКАЦИИ ИЛИ ПРОИЗВОДСТВА
Страна публикации Российская Федерация
140 ## - ПОЛЕ КОДИРОВАННЫХ ДАННЫХ: СТАРОПЕЧАТНЫЕ ИЗДАНИЯ - ОБЩАЯ ИНФОРМАЦИЯ
Кодированные данные о старопечатном издании - Основные y y ebyaa0000
200 1# - ЗАГЛАВИЕ И СВЕДЕНИЯ ОБ ОТВЕТСТВЕННОСТИ
Основное заглавие Евгения, или Писма к другу,
Первые сведения об ответственности собранныя Иваном Георгиевским
210 ## - ПУБЛИКАЦИЯ, РАСПРОСТРАНЕНИЕ И ДР.
Место издания, распространения и т.д. Санктпетербург
Имя издателя, распространителя и т. д. в типографии В.Плавильщикова
Дата издания, распространения и т.д. 1818
215 ## - ФИЗИЧЕСКАЯ ХАРАКТЕРИСТИКА
Размеры 12°
300 ## - ОБЩИЕ ПРИМЕЧАНИЯ
Текст примечания Ценз.: И.О.Тимковский, 9 авг. 1818 г.
321 1# - ПРИМЕЧАНИЯ ОБ ОТДЕЛЬНО ИЗДАННЫХ УКАЗАТЕЛЯХ / РЕФЕРАТАХ / ССЫЛКАХ, ОТРАЖАЮЩИХ КАТАЛОГИЗИРУЕМЫЙ ДОКУМЕНТ
Примечания об указателях, рефератах, ссылках СК 1801-1825 1588
327 0# - ПРИМЕЧАНИЯ О СОДЕРЖАНИИ
Текст примечания Известие об авторе / П[етр] П[летнев] (С. I-XXXIII ч.1)
464 #0 - АНАЛИТИЧЕСКИЙ УРОВЕНЬ
Встроенное поле 2001#$aИзвестие об авторе$fПетр Плетнев
-- 215##$aС. I-XXXIII 1 ч.
-- 700#1$aПлетнев$bП.$gПетр
Заглавие Известие об авторе
Автор Плетнев, Петр
517 1# - ДРУГИЕ ВАРИАНТЫ ЗАГЛАВИЯ
Вариант заглавия Евгения, или Письма к другу
518 1# - ЗАГЛАВИЕ В СТАНДАРТНОМ СОВРЕМЕННОМ ПРАВОПИСАНИИ
Основное заглавие, вариант заглавия или унифицированное заглавие Письма к другу
518 1# - ЗАГЛАВИЕ В СТАНДАРТНОМ СОВРЕМЕННОМ ПРАВОПИСАНИИ
Основное заглавие, вариант заглавия или унифицированное заглавие Писма к другу
620 ## - МЕСТО И ДАТА ПУБЛИКАЦИИ, ИСПОЛНЕНИЯ И Т. Д.
Город Санкт-Петербург
700 #1 - ИМЯ ЛИЦА - ПЕРВИЧНАЯ ОТВЕТСТВЕННОСТЬ
Начальный элемент ввода Георгиевский
Часть имени, кроме начального элемента ввода И. С.
Даты 1793-1818
Расширение инициалов личного имени Иван Сергеевич
702 #1 - ИМЯ ЛИЦА - ВТОРИЧНАЯ ОТВЕТСТВЕННОСТЬ
Код отношения Цензор
Графика поля Кириллица
Материалы, к которым относится поле rus
Начальный элемент ввода Тимковский
Часть имени, кроме начального элемента ввода И. О.
Даты 1768-1837
Расширение инициалов личного имени Иван Осипович
Системный номер авторитетной/нормативной записи 227481
Идентификатор авторитетной/нормативной записи RU\NLR\AUTH\770227537
702 #1 - ИМЯ ЛИЦА - ВТОРИЧНАЯ ОТВЕТСТВЕННОСТЬ
Код отношения Печатник (типограф)
Графика поля Кириллица
Материалы, к которым относится поле rus
Начальный элемент ввода Плавильщиков
Часть имени, кроме начального элемента ввода В. А.
Даты 1768-1823
Расширение инициалов личного имени Василий Алексеевич
Системный номер авторитетной/нормативной записи 41180
Идентификатор авторитетной/нормативной записи RU\NLR\AUTH\7758248
712 00 - НАИМЕНОВАНИЕ ОРГАНИЗАЦИИ - ВТОРИЧНАЯ ОТВЕТСТВЕННОСТЬ
Начальный элемент ввода Плавильщиков,
Идентифицирующий признак Петербург
Инверсированный элемент В. А.,
Часть наименования, отличная от начального элемента ввода и от инверсированного элемента типография
Системный номер авторитетной/нормативной записи 517304
Идентификатор авторитетной/нормативной записи RU\NLR\AUTH\880426395
801 #0 - ИСТОЧНИК ЗАПИСИ
Страна Российская Федерация
Организация NLR
Дата составления 20090914
Правила каталогизации psbo
801 #1 - ИСТОЧНИК ЗАПИСИ
Страна Российская Федерация
Организация ProSoft-M
Дата составления 20090914
Источник данных rusmarc
801 #2 - ИСТОЧНИК ЗАПИСИ
Страна Российская Федерация
Организация NLR
Дата составления 20110303
Источник данных rusmarc
852 ## - МЕСТОНАХОЖДЕНИЕ И ШИФР ХРАНЕНИЯ
Идентификатор организации NLR
Шифр хранения (Call Number) 18.260.5.22
942 ## - ДОПОЛНИТЕЛЬНЫЕ ЭЛЕМЕНТЫ ЗАПИСИ (АБИС)
Тип экземпляра АБИС Книга

Нет доступных экземпляров.